02692naa a2200181 a 450000100080000000500110000800800410001910000240006024500450008426000090012952021790013865300230231765300180234065300110235865300250236965300190239477300970241311296112020-05-05 2020 bl uuuu u00u1 u #d1 aGOULART J??NIOR, R. aMa???? - 2018/19.h[electronic resource] c2020 aEm 2017, a maleicultura mundial produziu 83,1 milh??es de toneladas, com taxa de crescimento de 0,4% ao ano entre 2015 e 2017. Com mais de 4,9 milh??es de hectares colhidos, a produtividade m??dia foi de 16.851 quilos por hectare, com crescimento de 2,1% no per??odo (FAO). Em 2017, os tr??s pa??ses com maior produ????o foram respons??veis por 59,7% da produ????o mundial. Entre 2015 e 2017, a China apresentou uma taxa de crescimento anual de 1,1% na quantidade produzida, em 2,2 mil hectares de ??rea colhida, (decr??scimo de 0,6%). No quinqu??nio 2013-17, os pa??ses produtores com as maiores taxas de crescimento anual foram a ??ndia e os EUA, com 4,3% e 2,3%, respectivamente. O Brasil participou com 1,6% da produ????o na safra de 2017 e apresentou uma taxa de crescimento anual de 24% em rela????o ao ano anterior, com recupera????o da qualidade na produ????o da safra 2016/17. No tri??nio, os valores exportados representaram crescimento anual de 5,6%, passando de US$6,97 bilh??es em 2015 para US$7,78 bilh??es em 2017. Em 2017, China, EUA, It??lia e Chile somaram mais de 53% dos valores exportados de ma????. Os pa??ses com as maiores taxas de crescimento no tri??nio foram: Ir?? (34,5%), Pa??ses Baixos (21,9%), China (18,1%) e Pol??nia (11,9%). Na safra 2018/19, a participa????o na produ????o foi de 49,3% para Rio Grande do Sul e 47,9% para Santa Catarina, que juntos representam 97,3% da produ????o nacional e 96,0% da ??rea em produ????o da maleicultura. No ano de 2018, os dois estados sulinos representavam 96,4% da quantidade produzida e 95,7% da ??rea colhida e, entre 2018 e 2019, houve crescimento de 3,3% na produ????o. Conforme Epagri/Cepa (2019), na safra 2017/18, Santa Catarina produziu 574,65 mil toneladas de ma????, sendo 54,0% do cultivar ma???? Gala, 43,9% do cultivar Fuji e 2,2% de variedades de ma????s precoces (clones de Gala). A produ????o estadual da fruta ?? realizada por 2.216 pomicultores, com ??rea colhida de 15.495 hectares, valor bruto da produ????o (VBP) total estimado em R$567,91 milh??es. Na composi????o do VBP, 55,4% foram gerados com a comercializa????o da ma???? Gala, 41,9% da ma???? Fuji e 2,7% de ma????s precoces. aEconomia agr??cola aExporta????es aMa???? aProdu????o agr??cola aSanta Catarina tS??ntese Anual da Agropecu??ria em Santa Catarina 2018-2019, Florian??polis, p. 56-64, 2020.